cesars meilleur espoir féminin - Statistiques

Statistiques générales
  • Ce quiz a été pris 82 fois
  • Le résultat moyen est 11 sur 35
Statistiques - réponses
année actrice lauréate % Correct
1986 charlotte gainsbourg
65%
1990 vanessa paradis
65%
1983 sophie marceau
57%
2007 mélanie laurent
54%
2000 audrey tautou
51%
1995 elodie bouchez
51%
1984 sandrine bonnaire
51%
2014 adele exarchopoulos
49%
2005 sara forestier
46%
1991 judith henry
41%
2011 leila bekhti
41%
1996 sandrine kiberlain
41%
2003 cécile de france
38%
2004 julie depardieu
38%
2015 louane emera
35%
1989 catherine jacob
32%
2010 mélanie thierry
32%
1993 romane bohringer
32%
1985 laure marsac
30%
1999 natacha régnier
30%
1994 valeria bruni tedeschi
30%
1987 catherine mouchet
24%
2001 sylvie testud
24%
1992 geraldine pailhas
22%
2008 hafsia herzi
22%
1997 laurence cote
22%
1988 mathilda may
22%
2009 déborah francois
19%
2013 izia higelin
19%
2016 zita hanrot
16%
2012 naidra ayadi
14%
1998 emma de caunes
11%
2006 linh dan pham
11%
2012 (ex aequo) clotide hesme
8%
2002 rachida brakni
5%
Aucun quiz correspondant
Distribution des résultats
% des personnes avec chaque résultat
Percentile par nombre de réponses
Votre historique - résultats
Vous n’avez pas pris ce quiz